Normal view
MARC view
- Decorative arrt pattern
Entry Topical Term
001 - CONTROL NUMBER
- control field: 88384
003 - CONTROL NUMBER IDENTIFIER
- control field: OSt
005 - DATE AND TIME OF LATEST TRANSACTION
- control field: 20220809075716.0
008 - FIXED-LENGTH DATA ELEMENTS
- fixed length control field: 220809|| aca||aabn | a|a d
040 ## - CATALOGING SOURCE
- Original cataloging agency: OSt
- Transcribing agency: OSt
150 ## - HEADING--TOPICAL TERM
- Topical term or geographic name entry element: Decorative arrt pattern
670 ## - SOURCE DATA FOUND
- Source citation: Work cat.: (OSt)48653: Callender, Jane 88383, 2000 Pattern combinations, 2011